Plato : (Record no. 33074)
[ view plain ]
| 000 -LEADER | |
|---|---|
| fixed length control field | 00744nam a22002532a 4500 |
| 001 - CONTROL NUMBER | |
| control field | 33074 |
| 003 - CONTROL NUMBER IDENTIFIER | |
| rucl marc code | BD-RjUL |
| 005 - DATE AND TIME OF LATEST TRANSACTION | |
| control field | 20211209051936.0 |
| 008 - FIXED-LENGTH DATA ELEMENTS--GENERAL INFORMATION | |
| fixed length control field | 140430s1955 nyu 000 0 eng d |
| 035 ## - SYSTEM CONTROL NUMBER | |
| System control number | OCLC ocm17534830 from D960726M |
| -- | (BD-RjUL)33165 |
| 040 ## - CATALOGING SOURCE | |
| Original cataloging agency | ASZ |
| Transcribing agency | ASZ |
| Modifying agency | VYM |
| -- | EQO |
| -- | BD-RjUL |
| Language of cataloging | eng |
| 041 ## - LANGUAGE CODE | |
| Language code of text/sound track or separate title | eng |
| 082 ## - DEWEY DECIMAL CLASSIFICATION NUMBER | |
| Classification number | 184 |
| Author mark and year | PLP 1955 |
| 090 ## - LOCALLY ASSIGNED LC-TYPE CALL NUMBER (OCLC); LOCAL CALL NUMBER (OCLC) | |
| Classification number (OCLC) (R) ; Classification number, CALL (RLIN) (NR) | PA4279 |
| Local cutter number (OCLC) ; Book number/undivided call number, CALL (RLIN) | .A23 1927 |
| 100 0# - MAIN ENTRY--PERSONAL NAME | |
| Personal name | Plato. |
| 9 (RLIN) | 100509 |
| 245 10 - TITLE STATEMENT | |
| Title | Plato : |
| Remainder of title | selections / |
| Statement of responsibility, etc. | edited by Raphael Demos |
| 260 ## - PUBLICATION, DISTRIBUTION, ETC. (IMPRINT) | |
| Place of publication, distribution, etc. | New York : |
| Name of publisher, distributor, etc. | Scribner's, |
| Date of publication, distribution, etc. | c1955. |
| 300 ## - PHYSICAL DESCRIPTION | |
| Pagination | 448 p. ; |
| Size | 17 cm |
| 490 1# - SERIES STATEMENT | |
| Series statement | Modern student's library |
| 650 #0 - SUBJECT ADDED ENTRY--TOPICAL TERM | |
| Topical term or geographic name as entry element | Philosophy, Ancient |
| 9 (RLIN) | 100510 |
| 700 10 - ADDED ENTRY--PERSONAL NAME | |
| Personal name | Demos, Raphael . |
| 830 #0 - SERIES ADDED ENTRY--UNIFORM TITLE | |
| Uniform title | Modern student's library |
| 942 ## - ADDED ENTRY ELEMENTS (KOHA) | |
| Source of classification or shelving scheme | Dewey Decimal Classification |
| Koha item type | Books |
| Lost status | Source of classification or shelving scheme | Damaged status | Not for loan | Permanent Location | Current Location | Shelving location | Date acquired | Source of acquisition | Cost, normal purchase price | Total Checkouts | Full call number | Date last seen | Copy number | Koha item type |
|---|---|---|---|---|---|---|---|---|---|---|---|---|---|---|
| Dewey Decimal Classification | Not For Loan | Central Library, University of Rajshahi | Central Library, University of Rajshahi | Reading Room | 04/03/1963 | Zeitlinger | 9.60 | 184 PLP 1955 | 30/04/2014 | C-1 | Books |